Σωστά Γραμμένο ή Όχι; Κλικ Κουίζ #1 - Statistics

General Stats
  • This quiz has been taken 66 times
  • The average score is 18 of 20
Answer Stats
Hint Explanation Answer % Correct
Ποδήλατο ✅Σωστό
100%
Υποβρύχιο ✅Σωστό
98%
Σχολείο ✅Σωστό
98%
Δορυφόρος ✅Σωστό
98%
Πρωτεύουσα ✅Σωστό
96%
Χερσόνοισος Χερσόνησος ❌Λάθος
96%
Κινηματογράφος ✅Σωστό
96%
Πισήνα Πισίνα ❌Λάθος
95%
Εκλησία Εκκλησία ❌Λάθος
95%
Κρεβατοκάμαρα ✅Σωστό
93%
Φεγγάρη Φεγγάρι ❌Λάθος
93%
Άγκελος Άγγελος ❌Λάθος
93%
Τριαντάφυλο Τριαντάφυλλο ❌Λάθος
91%
Παραθαλάσσιο ✅Σωστό
89%
Κοροϊδία ✅Σωστό
89%
Γειτόνισα Γειτόνισσα ❌Λάθος
85%
Πολυπληθείς ✅Σωστό
76%
Καρδειακό Καρδιακό ❌Λάθος
76%
Υφαίστειο Ηφαίστειο ❌Λάθος
69%
Εθελλοντισμός Εθελοντισμός ❌Λάθος
69%
No matching quizzes found
Score Distribution
Percent of People with Each Score
Percentile by Number Answered
Your Score History
You have not taken this quiz